[Event "Sao Paulo Hebraica op 33rd"]
[Site "Sao Paulo"]
[Date "2024.06.29"]
[Round "3"]
[White "Souza, Gustavo Urbano de"]
[Black "Alves, Ricardo Castagnari"]
[Result "1-0"]
[WhiteElo "1855"]
[BlackElo "1702"]
[PlyCount "33"]
[EventDate "2024.06.28"]
[EventType "swiss"]
[EventRounds "6"]
[EventCountry "BRA"]
[SourceTitle "CBM 221 Extra"]
[Source "ChessBase"]
[SourceDate "2024.09.30"]
[SourceVersion "1"]
[SourceVersionDate "2024.09.30"]
[SourceQuality "1"]

1. e4 c5 2. Nf3 e6 3. d4 cxd4 4. Nxd4 Nc6 5. Be2 Qc7 6. Nb5 Qb8 7. 0-0 a6 8. Nd4 Nf6 9. Nxc6 dxc6 10. Nc3 b5 11. Bd3 c5 12. a3 Bb7 13. Nxb5 axb5 14. Bxb5+ Ke7 15. Bg5 Qc7 16. e5 Qxe5 17. Qd7# 1-0